00932 2200325 4500001002100000005001500021035002000036007000300056040001700059100003100076245010000107250001000207300004100217020002200258041000800280082001000288084001600298090002000314264003600334336002100370337003000391338002300421500002400444650002100468700003000489850001000519008004100529990001800570990001800588INLIS00000000000565220260426122526 a0010-0222000742ta aSBPUPADbind0 aJoel GreenblattePengarang1 aStock Market Genius :bMenjadi Kaya Lewat Saham /cJoel Greenblaat ; Penerjemah, Anies Lastiati aCet.1 axiv,352 hlm. :billus. ;c20,5x13 cm a978-979-114-228-11 aind a332.8 a332.8 JOE s b332.8 JOE s 9-3 aJakarta :bMizan Publika,c2008 2rdacontentaTeks 2rdamediaaTanpa Perantara 2rdacarrieraVolume aindeks, hlm 338-351 4aKaya Lewat Saham0 aAnies LastiatiePengarang aPUPAD260426 0  a11415/BR/2009 a11417/BR/2009